La Economía mundial y América Latina: tendencias, problemas y desafíos /

保存先:
書誌詳細
第一著者: Estay Reyno, Jaime
団体著者: CLACSO
その他の著者: comp
フォーマット: テキスト
出版事項: Buenos Aires: CLACSO. Asdi
主題:
タグ: タグ追加
タグなし, このレコードへの初めてのタグを付けませんか!

MARC

LEADER 00000 a a2200000 04500
001 30952
003
040
020 |a 987-1183-14-3  
090 |a 197103  |b   
100 |a Estay Reyno, Jaime  
110 |a CLACSO  
245 |a La Economía mundial y América Latina: tendencias, problemas y desafíos /  |c Jaime Estay Reyno 
260 |a Buenos Aires:   |b CLACSO. Asdi  
300 |a 411 p.  
650 |a RELACIONES ECONOMICAS  
650 |a COMERCIO INTERNACIONAL  
650 |a INTEGRACION ECONOMICA  
650 |a COOPERACION ECONOMICA  
700 |a comp  
999 |c 6759  |d 6759